| 000 | 00828nam a2200229Ia 4500 | ||
|---|---|---|---|
| 003 | GCL | ||
| 008 | 140319s9999 xx 000 0 ara d | ||
| 040 |
_aGCL / _cGCL |
||
| 082 | 0 | 4 |
_aق _b709.01 _bد ف |
| 100 | 1 | _aمحمود خليل النحاس (مترجم) | |
| 245 | 1 | 0 |
_aالفن المصرى القديم / _cمحمود خليل النحاس (مترجم) |
| 700 | 1 | _aديروش ، كريستيان | |
| 700 | 1 | _aاحمد رضا | |
| 260 |
_a[S.N] : _bمؤسسة سجل العرب ، _c1990 |
||
| 300 |
_a418 ص ؛ _c24 سم |
||
| 650 | 0 | 4 | _aمصر القديمة |
| 650 | 0 | 4 | _aالفن المصرى القديم |
| 650 | 0 | 4 | _aالدولة الحديثة ( 1580 - 525 ق م) |
| 650 | 0 | 4 | _aالدولة القديمة (2400_ 2260 ف م |
| 650 | 0 | 4 | _aالدولة الوسطى (2260-1580 ق م |
| 942 |
_2ddc _cBK |
||
| 999 |
_c36415 _d36415 |
||